| 000 | 00787nam a2200241 a 4500 | ||
|---|---|---|---|
| 001 | BRL_54 | ||
| 005 | 20190320210552.0 | ||
| 008 | 171012s1981----mx-a######---#000-0#spa-u | ||
| 041 | _aspa | ||
| 044 | _amx | ||
| 050 | 4 |
_aF1386 _b.C66 1981 |
|
| 100 | 1 |
_aCook de Leonard, Carmen _922777 |
|
| 245 | 1 | 0 |
_aCiudad Nezahualcoyotl _buna ciudad en el fondo de un lago : pasado, presente, futuro _cCarmen Cook de Leonard. |
| 260 |
_aMéxico _bCasa de la Cultura _c1981 |
||
| 300 |
_axix, 318 p. _bil. _c23 cm. |
||
| 440 | 0 |
_aPublicaciones municipales _v1 _922778 |
|
| 500 | _aIncluye dedicatoria para Ruth de la autora, 1982 | ||
| 500 | _aAu71 | ||
| 650 | 1 | 4 |
_aCiudades y pueblos _zMéxico _922779 |
| 651 | 4 |
_aNezahualcoyotl (Ciudad) _xHistoria _zMéxico _922780 |
|
| 902 | _aGRL | ||
| 942 |
_2lcc _cB |
||
| 999 |
_c8867 _d8867 |
||